Beszédhibák előfordulási gyakoriságának vizsgálata [absztrakt] /

Elmentve itt :
Bibliográfiai részletek
Szerző: Kátai Bettina
Testületi szerző: Szent-Györgyi Albert Orvostudományi Egyetem : Házi Tudományos Diákköri Konferencia
Dokumentumtípus: Könyv része
Megjelent: Szent-Györgyi Albert Orvostudományi Egyetem Szeged 1998
Sorozat:Szent-Györgyi Albert Orvostudományi Egyetem : Házi Tudományos Diákköri Konferencia
Kulcsszavak:Beszédzavarok - előadáskivonat
Tárgyszavak:
Online Access:http://acta.bibl.u-szeged.hu/88427
LEADER 00927naa a2200193 i 4500
001 acta88427
005 20250910083433.0
008 250910s1998 hu o 100 hun d
040 |a SZTE Egyetemi Kiadványok Repozitórium  |b hun 
041 |a hun 
100 1 |a Kátai Bettina 
245 1 0 |a Beszédhibák előfordulási gyakoriságának vizsgálata   |h [elektronikus dokumentum] :  |b [absztrakt] /  |c  Kátai Bettina 
260 |a Szent-Györgyi Albert Orvostudományi Egyetem  |b Szeged  |c 1998 
490 0 |a Szent-Györgyi Albert Orvostudományi Egyetem : Házi Tudományos Diákköri Konferencia 
650 4 |a Orvos- és egészségtudomány 
650 4 |a Egészségtudományok 
695 |a Beszédzavarok - előadáskivonat 
711 |a Szent-Györgyi Albert Orvostudományi Egyetem : Házi Tudományos Diákköri Konferencia  |c Szeged  |d 1998. április 2-4. 
856 4 0 |u http://acta.bibl.u-szeged.hu/88427/1/szote_htdk_1998_035.pdf  |z Dokumentum-elérés